| 000 | 00345nam a22001217a 4500 | ||
|---|---|---|---|
| 040 | _cNUST | ||
| 082 |
_a629.83 _bSIV |
||
| 100 |
_aSivanagaraju, S. & Devi, L. _998962 |
||
| 245 |
_aControl Systems Engineering \ _cS. Sivanagaraju & L. Devi |
||
| 260 |
_aNew Delhi, _bNew Age Int _c2010. |
||
| 300 |
_a447p. ; _bPaperback. _c24 cm. |
||
| 942 |
_2ddc _cBK |
||
| 999 |
_c591434 _d591434 |
||